000 00296nam a22001337a 4500
008 180125b xxu||||| |||| 00| 0 eng d
020 _a9780815153733
041 _aeng
080 _a610.73
100 _a1
101 _aINF
245 _aMedical surgical nursing
_cLewis,S.M
942 _2udc
_cBK
999 _c40948
_d40948